<?xml version="1.0" encoding="UTF-8"?>
<marc:record xmlns:marc="http://www.loc.gov/MARC21/slim">
   <marc:leader>00000nam a2200000 a 4500</marc:leader>
   <marc:datafield ind1="1" ind2=" " tag="100">
      <marc:subfield code="a">Matzinger, Lukas</marc:subfield>
      <marc:subfield code="4">aut</marc:subfield>
      <marc:subfield code="e">Verfasser/-in</marc:subfield>
   </marc:datafield>
   <marc:datafield ind1=" " ind2=" " tag="653">
      <marc:subfield code="a">Reiseroman</marc:subfield>
   </marc:datafield>
   <marc:datafield ind1=" " ind2=" " tag="653">
      <marc:subfield code="a">Abenteuer</marc:subfield>
   </marc:datafield>
   <marc:datafield ind1="0" ind2="0" tag="245">
      <marc:subfield code="a">Ohne Kalaschnikow schlaf ich schlecht</marc:subfield>
   </marc:datafield>
   <marc:datafield ind1="0" ind2="0" tag="245">
      <marc:subfield code="b">Reiseroman</marc:subfield>
   </marc:datafield>
   <marc:datafield ind1=" " ind2="1" tag="264">
      <marc:subfield code="a">Wien</marc:subfield>
      <marc:subfield code="b">Zsolnay</marc:subfield>
      <marc:subfield code="c">2026</marc:subfield>
   </marc:datafield>
   <marc:datafield ind1=" " ind2=" " tag="250">
      <marc:subfield code="a">2. Auflage</marc:subfield>
   </marc:datafield>
   <marc:datafield ind1="1" ind2=" " tag="520">
      <marc:subfield code="a">Beschreibung#Der »Falter«-Reporter Lukas Matzinger über seine Reise mit einem 40 Jahre alten VW-Bus von Wien nach China und zurück#Blutige Trikots von kirgisischen Polospielern, Ziegelsteine von Osama bin Ladens Haus in Abbottabad, ein Bouquet von Bakterien aus Tadschikistan und Erfahrungen, die Tage im Polizeigewahrsam in Belutschistan mit sich bringen: Ein Jahr und 35.000 Kilometer waren Lukas Matzinger und Olivia Wimmer in einem vierzig Jahre alten VW-Bus unterwegs, von Wien nach China und zurück, stets mitten durch Risikogebiete.#Doch hinter dem Ende der Welt, in den bedrohlichsten und unwirtlichsten Gegenden, warteten die wundersamsten Begegnungen: Fremde gaben die besten Bissen und die breitesten Betten &#x96; und beschenkten sie mit ihren Geschichten.#Ein Reiseroman, in dem alles stimmt, ein Abenteuer, das sich nicht vorhersehen ließ, eine große Reportage von der weiten Welt.#Rezension#»Die Sprache ist so spektakulär wie die Reise selbst.« Christian Böhmer, Kurier, 05.04.26#»Die Abenteuer, die Lukas Matzinger mit den buntesten, zärtlichsten Worten beschreibt, wirken wie 1001 magische Märchen, die man sofort selbst erleben will.« Katharina Seidler, FM4, 22.03.26#»Packend und geistreich geschriebenen.« Markus Zottler, Kleine Zeitung, 22.03.26#»Ein großartiges Buch!« Manfred Rebhandl, Standard Album, 21.03.26#</marc:subfield>
   </marc:datafield>
   <marc:datafield ind1=" " ind2=" " tag="020">
      <marc:subfield code="a">9783552075252</marc:subfield>
      <marc:subfield code="9">9783552075252</marc:subfield>
   </marc:datafield>
   <marc:datafield ind1=" " ind2=" " tag="041">
      <marc:subfield code="a">ger</marc:subfield>
   </marc:datafield>
   <marc:datafield ind1=" " ind2=" " tag="300">
      <marc:subfield code="a">304 Seiten</marc:subfield>
   </marc:datafield>
</marc:record>
